00448 2200169 4500001002100000008004100021035002000062082000800082084001400090100002100104245007300125250000600198260003600204300001200240650001400252990001200266INLIS000000000001119 ind  a0010-0524000354 a600 a600 SHE i aSuherman, Sherly aInternetan Gratis Sepuasnya Dengan Antena KalengcSherly A. Suherman a1 aJakarta :bDunia Komputerc2010 a111 hlm aNon Fiksi a0744097